| 000 | 00532nam a2200109Ia 4500 | ||
|---|---|---|---|
| 008 | 171212s9999 xx 000 0 und d | ||
| 100 | _aMattke, Soeren;Kapinos, Kandice;Caloyeras, John P.;Taylor, Erin Audrey;Batorsky, Benjamin | ||
| 245 |
_cMattke, Soeren;Kapinos, Kandice;Caloyeras, John P.;Taylor, Erin Audrey;Batorsky, Benjamin _aWorkplace Wellness Programs _bServices Offered, Participation, and Incentives |
||
| 260 |
_bRAND Corporation _c2014 |
||
| 650 | _aMathematics | ||
| 856 | _uhttp://www.jstor.org/stable/10.7249/j.ctt15sk889 | ||
| 999 |
_c352826 _d352826 |
||